Greatest QB, HB, WR, and TE for every NFL Team - Statistics

General Stats
  • This quiz has been taken 2,991 times
  • The average score is 55 of 125
Answer Stats
Positions NFL Players % Correct
Tom Brady
86%
Eli Manning
84%
Peyton Manning
83%
Matt Ryan
81%
Patrick Mahomes
81%
Brett Favre
80%
Calvin Johnson
79%
Emmitt Smith
79%
Steve Smith
79%
Julio Jones
78%
Cam Newton
77%
Chad Johnson
77%
TE Jackie Smith
77%
Jerry Smith
77%
Jimmy Smith
77%
Joe Flacco
77%
Rod Smith
77%
Russell Wilson
77%
Andre Johnson
76%
Drew Brees
76%
Rob Gronkowski
76%
Brad Johnson
75%
Jerry Rice
75%
Jim Brown
74%
Joe Montana
74%
Marcus Allen
74%
Matthew Stafford
74%
Randy Moss
74%
QB Kurt Warner
73%
Tim Brown
73%
Tony Gonzalez
73%
Dan Marino
72%
WR Larry Fitzgerald
68%
Philip Rivers
68%
John Elway
67%
Barry Sanders
66%
Ben Roethlisberger
65%
Charlie Sanders
64%
Franco Harris
64%
Jim Kelly
64%
Marshawn Lynch
62%
Tyreek Hill
62%
Walter Payton
60%
Marvin Harrison
59%
Michael Thomas
58%
LaDainian Tomlinson
57%
Deshaun Watson
56%
Joe Namath
55%
Jimmy Graham
54%
Otto Graham
54%
Adrian Peterson
53%
Antonio Gates
53%
Donovan McNabb
52%
Julian Edelman
51%
Michael Irvin
51%
Roger Staubach
51%
Jay Cutler
50%
Kevin Faulk
48%
Marshall Faulk
48%
Mike Evans
48%
Shannon Sharpe
47%
Greg Olsen
46%
O.J. Simpson
46%
Terrell Davis
44%
Jason Witten
43%
Steve Largent
43%
Ahman Green
41%
Christian McCaffrey
41%
Fran Tarkenton
41%
William Andrews
41%
Jamaal Charles
40%
Hines Ward
39%
Frank Gore
38%
Jamal Lewis
38%
Edgerrin James
37%
Marcedes Lewis
37%
Andre Reed
36%
Steve McNair
36%
Tiki Barber
36%
Fred Taylor
35%
Issac Bruce
35%
Arian Foster
34%
Ken Anderson
34%
HB Ottis Anderson
34%
Curtis Martin
32%
George Kittle
29%
Earl Campbell
27%
Ken Stabler
27%
Mark Brunell
27%
Mike Ditka
27%
Larry Csonka
23%
Corey Dillon
20%
Mark Clayton
20%
Ozzie Newsome
20%
Jeremy Shockey
19%
John Riggins
19%
Sammy Baugh
19%
Harold Carmichael
18%
Art Monk
17%
Don Hutson
16%
Deuce McAllister
15%
Lance Alworth
14%
Todd Heap
13%
Amani Toomer
12%
Derrick Mason
12%
Dave Casper
10%
Don Maynard
9%
John Mackey
9%
Owen Daniels
9%
Paul Warfield
8%
James Wilder
6%
Steve Van Buren
6%
Frank Wycheck
5%
Steve Jordan
3%
Pete Metzelaars
2%
Pete Retzlaff
2%
Heath Miller
1%
Jimmie Giles
1%
Paul Coffman
1%
Rodney Holman
1%
Bill Hewitt
0%
Billy Truax
0%
Bruce Hardy
0%
Itula Mili
0%
Mickey Shuler
0%
No matching quizzes found
Score Distribution
Percent of People with Each Score
Percentile by Number Answered
Your Score History
You have not taken this quiz